000 00316nam a2200145Ia 4500
100 _aSedgewick/ Flajolet
942 _cBK
654 _aComputer
245 _aAnalysis of Algorithm
260 _bAddison Wesley Pub
_aReading
_c1996
082 _a5.1
_bSED/FLA
300 _a492
546 _aENGLISH
999 _c27427
_d27427